Educación Matemática 1º Básico: texto para el estudiante
Đã lưu trong:
| Những tác giả chính: | , |
|---|---|
| Định dạng: | Sách |
| Ngôn ngữ: | Tiếng Tây Ban Nha |
| Được phát hành: |
Santiago
Santillana del Pacífico
2006
|
| Những chủ đề: | |
| Các nhãn: |
Thêm thẻ
Không có thẻ, Là người đầu tiên thẻ bản ghi này!
|
MARC
| LEADER | 00000nam a2200000 a 4500 | ||
|---|---|---|---|
| 001 | UCI6446 | ||
| 003 | CL-VaPUC | ||
| 008 | 080509e20060000CL |||||||||||||||||spa|d | ||
| 020 | |a 9561512599 | ||
| 082 | 0 | 4 | |a 372.7 |b FAL |2 21 |
| 100 | 0 | |a Falconi Salvatierra, Pamela de los Angeles |e author |9 529367 | |
| 700 | 0 | |a Vigar Robles, Paula Hilda |e author |9 529368 | |
| 245 | 1 | 0 | |a Educación Matemática 1º Básico: texto para el estudiante |
| 300 | |a 160 p | ||
| 942 | |c BK | ||
| 945 | |d 20080509 00:00:00 |a cmena | ||
| 260 | |a Santiago |b Santillana del Pacífico |c 2006 | ||
| 650 | 0 | |a Matemáticas |x Enseñanza |9 875527 | |
| 650 | 0 | |a Educación básica |9 224933 | |
| 650 | 0 | |a Libros de texto |9 270019 | |
| 650 | 0 | |a Métodos de enseñanza |9 270413 | |
| 583 | |a last modification |c 20170816 12:52:58 |k Rodrigo Vera | ||
| 999 | |c 329957 |d 329955 | ||
| 952 | |0 0 |1 0 |4 0 |6 372_700000000000000_FAL_2006 |7 0 |8 A |9 415208 |a BIBEDU |b BIBEDU |d 2019-11-22 |i 4434781 |o 372.7 FAL 2006 |p 4434781 |r 2019-11-22 |w 2019-11-22 |y BK |k EBA | ||
| 952 | |0 0 |1 0 |4 0 |6 372_700000000000000_FAL_2006 |7 0 |8 A |9 415209 |a BIBEDU |b BIBEDU |d 2019-11-22 |i 4463331 |o 372.7 FAL 2006 |p 4463331 |r 2019-11-22 |w 2019-11-22 |y BK |k EDU | ||